=LDR 00000nam 2200000 4500 =001 INLIS000000000008744 =005 20130612100556 =008 ***********************************aInd** =035 ##$$0010-061300000008744 =041 ##$$a aInd =082 ##$$a 362.293 =090 ##$$a 362.293, Som r =100 ##$$a Somar, Lambertus =245 ##$$a Rehabilitasi Pecandu Narkoba, Lambertus Somar =260 ##$$a 2001 $b Jakarta =300 ##$$a zvii, 122 hlm, 18 cm =650 ##$$a Narkotika, Pecandu dan Rehabilitas =990 ##$$a 65606560 =990 ##$$a 01201806560 =990 ##$$a DW00027391 =990 ##$$a DW00027392 =990 ##$$a DW00027393